000 00322nam a2200121Ia 4500
008 220216s9999 xx 000 0 und d
100 _aScott J R
245 0 _aRubber test methods: 1955 international meeting
260 _bProceedings of the IRI
_c1955
300 _a208-215
650 _aRubber test methods
942 _cJS
999 _c68028
_d68028